Problems and materials on future interests /

Saved in:
Bibliographic Details
Main Author: Halbach, Edward C.
Other Authors: Scoles, Eugene F.
Format: Book
Language:English
Published: Boston : Little, Brown, c1977.
Series:Law school casebook series
Subjects:
LEADER 00982cam a2200277 a 4500
001 c000295959
003 CARM
005 20100429143956.0
008 780109s1977 mau 001 0 eng d
019 1 |a 1113732  |5 LACONCORD2021 
035 |a (OCoLC)3387872  |5 LACONCORD2021 
040 |a LC  |b eng  |c LC 
043 |a n-us--- 
050 0 0 |a KF605  |b .H34 
082 0 4 |a 346.73052 
100 1 |a Halbach, Edward C. 
245 1 0 |a Problems and materials on future interests /  |c Edward C. Halbach, Jr., Eugene F. Scoles. 
260 |a Boston :  |b Little, Brown,  |c c1977. 
300 |a xviii, 349 p. ;  |c 24 cm. 
490 0 |a Law school casebook series 
500 |a Includes index. 
650 0 |a Future interests  |z United States. 
700 1 |a Scoles, Eugene F. 
852 8 |b CARM  |h A3:AI06F0  |i C12457  |p 0538018  |f BK 
999 f f |i d3880cb0-2028-5897-99b8-af0585a01d6a  |s bd1328db-7e1c-54f3-be43-59c674aed31b 
952 f f |p Can circulate  |a CAVAL  |b CAVAL  |c CAVAL  |d CARM 1 Store  |e C12457  |f A3:AI06F0  |h Other scheme  |i book  |m 0538018